Crecimiento esquivo y volatilidad financiera / (Registro nro. 8626)

Detalles MARC
000 -LEADER
fixed length control field 01604nam a2200277Ia 4500
003 - CONTROL NUMBER IDENTIFIER
control field OSt
005 - DATE AND TIME OF LATEST TRANSACTION
control field 20211020100721.0
008 - FIXED-LENGTH DATA ELEMENTS--GENERAL INFORMATION
fixed length control field 210310s2005 ck ad fr 000 0dspa d
020 ## - INTERNATIONAL STANDARD BOOK NUMBER
International Standard Book Number 9583375071
040 ## - CATALOGING SOURCE
Original cataloging agency CO-JMCR
Transcribing agency CO-JMCR
041 0# - LANGUAGE CODE
Language code of text/sound track or separate title spa
082 04 - DEWEY DECIMAL CLASSIFICATION NUMBER
Classification number 339.5 /
Item number R488c
Edition number 23
100 1# - MAIN ENTRY--PERSONAL NAME
Personal name Ffrench, Davis, Ricardo,
9 (RLIN) 17130
Relator term editor
245 10 - TITLE STATEMENT
Title Crecimiento esquivo y volatilidad financiera /
Statement of responsibility, etc. Ricardo Ffrench-Davis, editor
250 ## - EDITION STATEMENT
Edition statement Primera edición
260 ## - PUBLICATION, DISTRIBUTION, ETC.
Place of publication, distribution, etc. Bogotá :
Name of publisher, distributor, etc. Cepal : Mayol Ediciones,
Date of publication, distribution, etc. 2005
300 ## - PHYSICAL DESCRIPTION
Extent xvi, 152 páginas :
Other physical details ilustraciones y gráficas a blanco y negro ;
Dimensions 24 cm.
490 0# - SERIES STATEMENT
Series statement Economía de América Latina
500 ## - GENERAL NOTE
General note Incluye notas a pie de página y datos biográficos del autor.
504 ## - BIBLIOGRAPHY, ETC. NOTE
Bibliography, etc. note Incluye bibliografía al final de cada capitulo.
505 0# - FORMATTED CONTENTS NOTE
Title Macroeconomía para el crecimiento y globalización financiera: cuatro temas estratégicos /
Statement of responsibility Ricardo Ffrench-Davis
Title Los caminos para superar las frustraciones de América Latina /
Statement of responsibility José Antonio Ocampo
Title Estabilidad macroeconómica e inversiones de los fondos de pensiones: El caso de Chile /
Statement of responsibility Roberto Zahler
Title Estabilidad macroeconómica real y la cuenta de capitales en Chile y Colombia /
Statement of responsibility Ricardo Ffrench-Davis y Leonardo Villar
Title Basilea II: su impacto en los mercados emergentes y su economía política /
Statement of responsibility Stephany Griffith-Jones y Avinash Persaud, con Stephen Spratt y Miguel Segoviano
650 14 - SUBJECT ADDED ENTRY--TOPICAL TERM
Topical term or geographic name entry element Macroeconomía
9 (RLIN) 17822
Geographic subdivision América Latina
650 24 - SUBJECT ADDED ENTRY--TOPICAL TERM
Topical term or geographic name entry element Desarrollo económico
Geographic subdivision América Latina
9 (RLIN) 41217
650 24 - SUBJECT ADDED ENTRY--TOPICAL TERM
Topical term or geographic name entry element Política económica
Geographic subdivision América Latina
9 (RLIN) 6784
942 ## - ADDED ENTRY ELEMENTS (KOHA)
Source of classification or shelving scheme Dewey Decimal Classification
Koha item type Books
Existencias
Withdrawn status Lost status Source of classification or shelving scheme Damaged status Not for loan Collection code Home library Current library Date acquired Source of acquisition Full call number Barcode Date last seen Copy number Koha item type Total Checkouts Price effective from
    Dewey Decimal Classification     Non-fiction Biblioteca Pública José María del Castillo y Rada Biblioteca Pública José María del Castillo y Rada 04/15/2018 Donación 339.5 / R488c 430005106 05/16/2024 Ej.1 Books    
    Dewey Decimal Classification     Non-fiction Biblioteca Pública José María del Castillo y Rada Biblioteca Pública José María del Castillo y Rada 04/15/2018 Donación 339.5 / R488c 430005105 05/16/2024 Ej.2 Books   10/20/2021